Statistiken für Fußball: Alle Meister der DDR-Oberliga (1950-1991)

Klicken Sie hier um das Quiz zu spielen!

Allgemein

  • Dieses Quiz wurde 185 mal gespielt
  • Das Durchschnittsergebnis liegt bei 7 aus 12

Antwortstatistiken

AnzahlZeitraumVerein% Korrekt
8x1953–1990Dynamo Dresden
96%
3x1972–19751. FC Magdeburg
86%
1x1991Hansa Rostock
85%
10x1979–1988Berliner FC Dynamo
82%
2x1954–1955Turbine Erfurt
(heute RW Erfurt)
76%
3x1963–1970FC Carl Zeiss Jena
75%
1x1952BSG Turbine Halle
(heute FC Halle)
65%
2x1951–1964Chemie Leipzig
60%
1x1950ZSG Horch Zwickau
(heute FSV Zwickau)
54%
1x1967FC Karl-Marx-Stadt
(heute FC Chemnitz)
21%
6x1959–1969ASK Vorwärts Berlin
12%
3x1956–1959SC Wismut Karl-Marx-Stadt
8%

Verteilung der Resultate

Perzentil nach korrekt beantworteten Fragen

Anzahl Personen mit jedem Resultat

Ihre Resultats-Entwicklung

Sie haben dieses Quiz noch nicht gespielt